Представление документа в формате RUSMARC

ПолеНазваниеЗначение
  Тип записи a
  Библиографический уровень m
001 Контрольный номер 81148e9d12124a26b55570a9e4034133
005 Дата корректировки 20140627090924.3
010 Индекс ISBN __
a ISBN 5-900045-28-5
200 Заглавие и сведения об ответственности 1_
a Заглавие Креатив в рекламе
f Первые сведения об ответственности Имшинецкая Ия
210 Выходные данные 1_
a Место издания М.
c Издательство РИП-холдинг
d Дата издания 2002
215 Физическое описание __
a Объем 172 с.
225 Серия 2_
a Серия Серия "Академия рекламы"
300 Общие примечания __
a Общие примечания 2экз.
610 Ключевые слова 0_
a Ключевые слова реклама
610 Ключевые слова 0_
a Ключевые слова креатив
610 Ключевые слова 0_
a Ключевые слова вербальный ряд
610 Ключевые слова 0_
a Ключевые слова имя
610 Ключевые слова 0_
a Ключевые слова текст
610 Ключевые слова 0_
a Ключевые слова слоган
610 Ключевые слова 0_
a Ключевые слова фоносемантика
610 Ключевые слова 0_
a Ключевые слова невербальный ряд
610 Ключевые слова 0_
a Ключевые слова рекламный образ
686 Индексы других классификаций __
a Классификационный индекс 65.9(2)421
2 Код системы rubbk
686 Индексы других классификаций __
a Классификационный индекс 65.9(2)421-803.8
2 Код системы rubbk
700 Автор _1
a Фамилия Имшинецкая Ия
801 Источник записи _0
a Страна RU
b Организация РУК
c Дата составления 20030424
g Правила каталогизации PSBO
801 Источник записи _1
a Страна RU
b Организация РУК
c Дата составления 20030424
g Правила каталогизации PSBO
852 Данные о местонахождении __
i Авторский знак И56
j Шифр хранения ББК 65.9(2)421
901 Тип документа __
t Тип документа m
938 Служебная информация __
a Название организации Головной вуз
b Имя БД BOOK
c Название АИБС АИБС ИРБИС